000 00293nam a22001337a 4500
008 171006b xxu||||| |||| 00| 0 eng d
020 _a9780393700824
041 _aeng
080 _a159.9
100 _a49
101 _aPSI
245 _aTHEATRES OF THE BODY
_cDOUGALL,J.M
942 _2udc
_cBK
999 _c32256
_d32256